| 000 | 00867nam a2200217 a 4500 | ||
|---|---|---|---|
| 001 | BRCA_1477 | ||
| 005 | 20190320203439.0 | ||
| 008 | 191105s1991----nyua---###---#000-0#spa-d | ||
| 041 | _aspa | ||
| 044 | _anyu | ||
| 050 | 4 |
_aF1386 _b.T73 1991 |
|
| 245 | 1 | 0 |
_aTradiciones que sobreviven en el arte folklórico americano _cMuseo de Arte Folklórico Americano. |
| 260 |
_aNueva York _bREM _c1991 |
||
| 300 |
_a80 p. _bil. a color _c24 cm. |
||
| 500 | _aCatálogo de la exposición realizada en el Museo Franz Mayer (Ciudad de México) presentada por el American Art Museum de Nueva York, 12 noviembre, 1992 | ||
| 500 | _a2do. ejemplar en el Área de Investigación | ||
| 650 | 1 | 4 |
_aTradiciones folklóricas _xHistoria _zAmérica _94831 |
| 650 | 1 | 4 |
_aTradiciones folklóricas _xArte _zAmérica _94832 |
| 710 | 2 |
_aMuseo de Arte Folklórico Americano _94833 |
|
| 942 |
_2lcc _cB |
||
| 999 |
_c1339 _d1339 |
||